| 000 | 00469nam a2200157Ia 4500 | ||
|---|---|---|---|
| 008 | 160316s1997 xxu||||| |||| 00| 0 eng d | ||
| 082 |
_a341.650000 _bBAL |
||
| 100 | _aBalachandran M.K. | ||
| 245 | _aBulletin on IHL and refugee law | ||
| 250 | _a | ||
| 260 |
_aNew Delhi _bIndian Centre for Humanitarian Laws and Research _c1997 |
||
| 300 |
_a412 _b _c |
||
| 365 | _b | ||
| 650 | _a1. Legal Saga - Refugees - humanitarian 2. SAARC - legal framework | ||
| 700 |
_a _a |
||
| 999 |
_c39527 _d39527 |
||